000 00687nam a2200205 a 4500
005 20200104041519.0
008 140226b1998 at d fr|||| 00| 0 eng d
040 _aCO-BoIAVH
_cCO-BoIAVH
041 0 _aeng
082 0 4 _a333.7516
_bI61f
245 1 0 _aInternational forest conservation:
_bprotected areas and beyond (Draft paper) /
260 _aCanberra (Australia) :
_bIFF,
_c1998.
300 _a60 páginas ;
_btablas y cuadros ;
_c30 x 21 cm.
650 6 _aBosques
_xConservación
650 6 _aAreas protegidas
650 6 _aPolítica ambiental
650 6 _aOrdenación forestal
710 2 _aIntergovernmental Forum on Forest
942 _cLIBRO
_2ddc
999 _c1243
_d1243